[Event "4NCL-9899B WR-IK2"]
[Site "Rd2-Warwick"]
[Date "1998.10.25"]
[Round "2.6"]
[White "Noakes, Matthew"]
[Black "Peart, Alan"]
[Result "1/2-1/2"]
[WhiteElo "2016"]
[BlackElo "2119"]
[PlyCount "179"]
[EventDate "1998.10.25"]

1. d4 Nf6 2. c4 c5 3. d5 Ne4 4. f3 Qa5+ 5. Nd2 Nd6 6. e4 g6 7. Kf2 Bg7 8. Nb3
Qc7 9. Qc2 O-O 10. Be3 b6 11. Bd3 e5 12. g4 f5 13. gxf5 gxf5 14. exf5 Qd8 15.
Ne2 Qh4+ 16. Ng3 Na6 17. a3 Nc7 18. Nd2 Ba6 19. Rag1 Kh8 20. Rg2 Rae8 21. Rhg1
b5 22. b3 bxc4 23. bxc4 e4 24. fxe4 Nxf5 25. exf5 Bd4 26. Bxd4+ Qxd4+ 27. Kf1
Nxd5 28. Nf3 Ne3+ 29. Kf2 Ng4+ 30. Kf1 Qa1+ 31. Qb1 Ne3+ 32. Kf2 Ng4+ 33. Kf1
Qxb1+ 34. Bxb1 Bxc4+ 35. Re2 Rb8 36. Kg2 Bxe2 37. Nxe2 Rb2 38. Re1 Ne3+ 39. Kh1
Nxf5 40. Ng5 Ne3 41. Nh3 d5 42. Nef4 d4 43. Be4 c4 44. Ne6 Re8 45. Nhg5 Ng4 46.
Bf5 Nh6 47. Bxh7 d3 48. Bg6 Re2 49. Rd1 d2 50. Bc2 c3 51. h3 R8xe6 52. Nxe6
Rxe6 53. Kg2 Rb6 54. Kf2 Rb2 55. Be4 Ra2 56. Ke2 Rxa3 57. Kd3 Nf7 58. h4 Ne5+
59. Ke2 Nc4 60. Rg1 Ra2 61. Bd3 c2 62. Rg8+ Kxg8 63. Bxc4+ Kg7 64. Kxd2 Ra4 65.
Bd3 Rxh4 66. Kxc2 Kf6 67. Kb3 Ke5 68. Bc4 Kd4 69. Ba6 Kc5 70. Be2 Kb6 71. Bd1
Ka5 72. Bc2 Rh3+ 73. Kb2 Kb4 74. Ka1 Ka3 75. Bb1 Rh2 76. Bf5 Ra2+ 77. Kb1 Rf2
78. Be6 Rf1+ 79. Kc2 Rf6 80. Bd5 Rb6 81. Bf7 a5 82. Bd5 Rb2+ 83. Kc1 Rh2 84.
Be6 Kb4 85. Kb1 Kc3 86. Ka1 a4 87. Bd5 Rb2 88. Be6 Rb3 89. Bf7 Rb4 90. Be6
1/2-1/2

[Event "4NCL-9899B WR-IK2"]
[Site "Rd2-Warwick"]
[Date "1998.10.25"]
[Round "2.7"]
[White "White, Mark"]
[Black "Stille, Alex"]
[Result "1-0"]
[WhiteElo "2175"]
[BlackElo "1872"]
[PlyCount "47"]
[EventDate "1998.10.25"]

1. e4 d5 2. exd5 Qxd5 3. Nc3 Qa5 4. d4 Nf6 5. Nf3 Bf5 6. Bd3 Bxd3 7. Qxd3 Nbd7
8. O-O e6 9. Bf4 c6 10. Rfe1 Be7 11. Ne5 Rd8 12. Nc4 Qh5 13. Bc7 Nc5 14. Qd1
Rd7 15. Qxh5 Nxh5 16. Be5 Na6 17. Ne4 f6 {(draw offer)} 18. Bd6 Bxd6 19. Nexd6+
Ke7 20. Nf5+ Kd8 21. Rxe6 g6 22. Nfd6 Rf8 23. Na5 Ng7 24. Ndxb7+ 1-0

[Event "4NCL-9899B WR-IK2"]
[Site "Rd2-Warwick"]
[Date "1998.10.25"]
[Round "2.8"]
[White "Howell, Susan"]
[Black "Forbes, Cathy"]
[Result "0-1"]
[WhiteElo "1784"]
[BlackElo "2110"]
[PlyCount "78"]
[EventDate "1998.10.25"]

1. d4 d5 2. c4 c6 3. Nc3 e6 4. cxd5 exd5 5. Nf3 Bf5 6. Bf4 Nf6 7. e3 Qb6 8. Qc1
h6 9. h3 Na6 10. a3 Nc7 11. Be2 Ne6 12. Bh2 a5 13. O-O Be7 14. Rd1 O-O 15. Bd3
Bxd3 16. Rxd3 Ne4 17. Ne5 Rfd8 18. Nxe4 dxe4 19. Rc3 c5 20. Nc4 Qa6 21. dxc5
Nxc5 22. Qc2 a4 23. Rd1 Nd3 24. Bc7 Bf6 25. Nb6 Bxc3 26. Nxa8 Rxa8 27. Qxc3 Rc8
28. Qa5 Qf6 29. Bg3 Qxb2 30. Qxa4 f5 31. Qd4 Qxd4 32. exd4 Rd8 33. Rb1 Rxd4 34.
Rxb7 Ra4 35. Rb8+ Kh7 36. Rb5 f4 37. Bh4 Rxa3 38. Be7 Ra1+ 39. Kh2 Nxf2 0-1

[Event "4NCL-9899B GD-BR2"]
[Site "Rd3-Birmingham"]
[Date "1998.11.21"]
[Round "3.1"]
[White "Jones, Iolo"]
[Black "McFarland, Robert"]
[Result "1/2-1/2"]
[WhiteElo "2255"]
[BlackElo "2240"]
[PlyCount "135"]
[EventDate "1998.11.21"]

1. d4 Nf6 2. Nf3 g6 3. Bg5 Bg7 4. Nbd2 O-O 5. c3 d5 6. e3 b6 7. Ne5 Bb7 8. Be2
Nbd7 9. Bf4 Nxe5 10. Bxe5 Nd7 11. Bxg7 Kxg7 12. O-O e5 {(Draw offer)} 13. dxe5
Nxe5 14. Nf3 Nd7 15. Qd4+ Nf6 16. Rfd1 Qe7 17. Rac1 Rfe8 18. Qa4 a6 19. c4 dxc4
20. Qxc4 Rac8 21. Nd2 Red8 22. Bf3 c5 23. Bxb7 b5 24. Qc3 Qxb7 25. Nf3 Rd5 {
(Draw offer)} 26. h3 Qd7 27. Re1 Qe7 28. e4 Rdd8 29. Qa5 Rc6 30. e5 Ne8 31.
Red1 Rxd1+ 32. Rxd1 Nc7 33. Qc3 Ne6 34. Rd6 Qb7 35. Qd2 Rc7 36. Kh2 h6 37. Qe3
a5 38. Nh4 a4 39. f4 Rd7 40. f5 Nd4 41. fxg6 Rxd6 42. exd6 fxg6 43. Qe5+ Kf7
44. Qxc5 Qe4 45. Qc7+ Ke6 46. Qe7+ Kd5 47. Qxe4+ Kxe4 48. d7 Ne6 49. Nxg6 Nd8
50. Ne7 Kd3 51. Nd5 Kc2 52. Nc3 Kxb2 53. Nxb5 Kxa2 54. Nc3+ Ka3 55. Nxa4 Kxa4
56. Kg3 Kb5 57. Kg4 Kc6 58. Kh5 Kxd7 59. Kxh6 Ke6 60. Kg6 Nf7 61. g4 Ne5+ 62.
Kg7 Nf3 63. Kg6 Ne5+ 64. Kg5 Nf7+ 65. Kh5 Kf6 66. h4 Ne5 67. g5+ Kg7 68. g6
1/2-1/2

[Event "4NCL-9899B GD-BR2"]
[Site "Rd3-Birmingham"]
[Date "1998.11.21"]
[Round "3.2"]
[White "Jakubovics, Nick"]
[Black "Varley, Peter"]
[Result "1/2-1/2"]
[WhiteElo "2210"]
[BlackElo "2290"]
[PlyCount "74"]
[EventDate "1998.11.21"]

1. e4 e5 2. Nf3 Nc6 3. d4 exd4 4. Nxd4 Qh4 5. Nc3 Bb4 6. Ndb5 Ba5 7. Be2 a6 8.
Nd4 Nf6 9. O-O Nxd4 10. Qxd4 O-O 11. Nd5 Re8 12. Bf3 Ng4 13. Bxg4 Qxg4 14. f3
Qg6 15. b4 Bb6 16. Nxb6 cxb6 17. Bf4 b5 18. Rad1 Qc6 19. Qc5 a5 20. Qg5 h6 21.
Qg3 Re6 22. Rd6 Rxd6 23. Bxd6 axb4 24. Bxb4 Rxa2 25. c3 b6 26. Qd6 Qxd6 27.
Bxd6 Bb7 28. Rf2 Ra1+ 29. Rf1 Rxf1+ 30. Kxf1 {(Draw offer)} f6 31. Bc7 Kf7 32.
Bxb6 Ke6 33. Ke2 f5 34. exf5+ Kxf5 35. Ke3 g6 36. Bc5 h5 37. h4 Bc6 1/2-1/2

[Event "4NCL-9899B GD-BR2"]
[Site "Rd3-Birmingham"]
[Date "1998.11.21"]
[Round "3.3"]
[White "Borg, Andy"]
[Black "Buckley, Simon"]
[Result "0-1"]
[WhiteElo "2150"]
[BlackElo "2120"]
[PlyCount "98"]
[EventDate "1998.11.21"]

1. d4 Nf6 2. c4 g6 3. Nc3 Bg7 4. e4 d6 5. f4 O-O 6. Nf3 c5 7. dxc5 Qa5 8. Bd3
Qxc5 9. Qe2 Nc6 10. Be3 Qa5 11. O-O Ng4 12. Bd2 Nd4 13. Nxd4 Bxd4+ 14. Kh1 Qc5
15. Nd5 Re8 16. b4 Qc6 17. b5 Qd7 18. Bc3 Bxc3 19. Nxc3 Nf6 20. f5 Kg7 21. Qb2
Kg8 22. fxg6 fxg6 23. Rxf6 exf6 24. Nd5 Qg7 25. Nxf6+ Kh8 26. Rf1 Rf8 27. c5
Bf5 28. exf5 Qxf6 29. Qb4 dxc5 30. Qxc5 Rad8 31. Be2 Qd4 32. Qc7 Rxf5 33. Rxf5
gxf5 34. h3 Re8 35. Bf3 Qa1+ 36. Kh2 Qe5+ 37. Qxe5+ Rxe5 38. Bxb7 Rxb5 39. Bc6
Rc5 40. Bd7 f4 41. a4 a5 42. g4 Rc2+ 43. Kg1 Kg7 44. h4 Ra2 45. Kf1 Kf6 46. Kg1
Ke5 47. g5 f3 48. h5 Kf4 49. g6 Kg3 0-1

[Event "4NCL-9899B GD-BR2"]
[Site "Rd3-Birmingham"]
[Date "1998.11.21"]
[Round "3.4"]
[White "Easton, Alex"]
[Black "Powell, J Lloyd"]
[Result "1-0"]
[WhiteElo "2104"]
[BlackElo "2152"]
[PlyCount "77"]
[EventDate "1998.11.21"]

1. Nf3 Nf6 2. c4 g6 3. Nc3 Bg7 4. e4 d6 5. d4 O-O 6. Be2 e5 7. O-O Nc6 8. d5
Ne7 9. Nd2 a5 10. a3 Nd7 11. Ra2 f5 12. b4 Kh8 13. Qc2 Ng8 14. Bd3 f4 15. f3 g5
16. Be2 h5 17. Nb5 b6 18. bxa5 Rxa5 19. Nb3 Ra8 20. Bd2 Nh6 21. Rfa1 Nc5 22. a4
g4 23. Bf1 Rg8 24. Nxc5 bxc5 25. Be1 Bf8 26. Kh1 Rg7 27. a5 Qg5 28. Qf2 g3 29.
Qd2 gxh2 30. Qf2 Qg3 31. a6 h4 32. a7 h3 33. Qxg3 fxg3 34. Bxg3 Rxg3 35. Nxc7
Bb7 36. Nxa8 Bxa8 37. Rb1 Be7 38. Rb8+ Kg7 39. Rxa8 1-0

[Event "4NCL-9899B GD-BR2"]
[Site "Rd3-Birmingham"]
[Date "1998.11.21"]
[Round "3.5"]
[White "Saunders, W Nigel"]
[Black "Dilleigh, Stephen"]
[Result "1/2-1/2"]
[WhiteElo "2155"]
[BlackElo "2072"]
[PlyCount "115"]
[EventDate "1998.11.21"]

1. Nf3 Nf6 2. d4 g6 3. Bg5 Bg7 4. Nbd2 O-O 5. e3 d6 6. Bc4 Nbd7 7. O-O e5 8. c3
Qe8 9. Qc2 Kh8 10. e4 h6 11. Bh4 Nh5 12. Rfe1 Nf4 13. dxe5 dxe5 14. Bf1 Nc5 15.
b4 Nce6 16. Nc4 f6 17. a4 Nd8 18. Ne3 Be6 19. Nd2 Qf7 20. f3 Nc6 21. Ndc4 Rfe8
22. Rad1 Rad8 23. Rxd8 Rxd8 24. b5 Ne7 25. Rd1 Qe8 26. Rd2 g5 27. Bf2 Rxd2 28.
Qxd2 Qd7 29. Qxd7 Bxd7 30. Nd2 b6 31. c4 c5 32. Nd5 Nfxd5 33. cxd5 Nc8 34. Nc4
Bf8 35. Bd3 Nd6 36. Nxd6 Bxd6 37. Kf1 Kg7 {(Draw offer)} 38. h4 Kf7 39. Ke2 Ke7
40. hxg5 hxg5 41. Ke3 Be8 42. g3 Bh5 43. Be1 Kf7 44. Bf1 Ke7 45. Bc3 Kd8 46.
Bh3 Kc7 47. Kf2 Kd8 48. Bf1 Ke7 49. Be2 Kd8 50. Bc4 Ke7 51. a5 Kd8 52. a6 Ke7
53. Bb2 Kd8 54. Ke3 Ke7 55. Bc3 Kd8 56. Kf2 Ke7 57. Kg2 Kd8 58. g4 1/2-1/2

[Event "4NCL-9899B GD-BR2"]
[Site "Rd3-Birmingham"]
[Date "1998.11.21"]
[Round "3.6"]
[White "Player, Edmund"]
[Black "Miles, Richard"]
[Result "1/2-1/2"]
[WhiteElo "2110"]
[BlackElo "2084"]
[PlyCount "87"]
[EventDate "1998.11.21"]

1. e4 c5 2. Nc3 Nc6 3. Bb5 g6 4. Bxc6 dxc6 5. d3 Bg7 6. Nf3 Nf6 7. O-O O-O 8.
Be3 b6 9. h3 Ne8 10. a4 a5 11. Qd2 e5 12. Nh2 Nc7 13. f4 exf4 14. Bxf4 Ne6 15.
Bh6 Nd4 16. Rf2 Be6 17. Qf4 Ra7 18. e5 f5 19. Bxg7 Kxg7 20. Nf3 h6 21. Raf1
Raf7 22. Qd2 Nxf3+ 23. Rxf3 Qd4+ 24. Qe3 Rd8 25. Ne2 Qxb2 26. Nf4 Re7 27. Rg3
g5 28. Nxe6+ Rxe6 29. Rxg5+ hxg5 30. Qxg5+ Rg6 31. Qxd8 Qxe5 32. Qd7+ Kf6 33.
Qxc6+ Kg5 34. h4+ Kh6 35. Qf3 Qd4+ 36. Qf2 Qg4 37. Qe3+ Kh5 38. Qf2 f4 39. Qf3
Kxh4 40. Qxf4 Qxf4 41. Rxf4+ Kg3 42. Rf3+ Kg4 43. Kf2 Rd6 44. c4 1/2-1/2

[Event "4NCL-9899B GD-BR2"]
[Site "Rd3-Birmingham"]
[Date "1998.11.21"]
[Round "3.7"]
[White "Walden-Jones, Andrew"]
[Black "Buckley, David"]
[Result "1-0"]
[WhiteElo "1965"]
[BlackElo "2110"]
[PlyCount "63"]
[EventDate "1998.11.21"]

1. e4 Nf6 2. Nc3 d5 3. exd5 Nxd5 4. Bc4 Nb6 5. Bb3 Nc6 6. d3 Bf5 7. Be3 e6 8.
Qd2 Be7 9. a3 Qd7 10. h3 Bf6 11. Nge2 Nd4 12. Bxd4 Bxd4 13. Nxd4 Qxd4 14. Qe3
Rd8 15. O-O-O O-O 16. Ne2 Qh4 17. g4 Bg6 18. Nc3 a5 19. f4 Rfe8 20. Qc5 Qe7 21.
Qxa5 Qd6 22. Rdf1 c5 23. f5 exf5 24. gxf5 Re5 25. Nb5 Qc6 26. fxg6 Ra8 27.
gxf7+ Kf8 28. Qc3 Rf5 29. Rfg1 Rf6 30. Bc4 Rg6 31. Re1 Nd5 32. Qe5 1-0

[Event "4NCL-9899B GD-BR2"]
[Site "Rd3-Birmingham"]
[Date "1998.11.21"]
[Round "3.8"]
[White "Tidman, Sophie"]
[Black "Gale, Helen"]
[Result "1-0"]
[WhiteElo "1768"]
[BlackElo "1445"]
[PlyCount "33"]
[EventDate "1998.11.21"]

1. e4 e5 2. Nf3 Nc6 3. d4 exd4 4. c3 dxc3 5. Nxc3 Bb4 6. Bc4 d6 7. Qb3 Qe7 8.
O-O Bxc3 9. bxc3 Nf6 10. e5 dxe5 11. Ba3 Qd7 12. Rad1 Na5 13. Bxf7+ Qxf7 14.
Rd8+ Kxd8 15. Qxf7 Re8 16. Rd1+ Bd7 17. Qxg7 1-0

[Event "4NCL-9899B IK2-GUI"]
[Site "Rd3-Birmingham"]
[Date "1998.11.21"]
[Round "3.1"]
[White "Vigus, James"]
[Black "Povah, Nigel"]
[Result "0-1"]
[WhiteElo "2290"]
[BlackElo "2325"]
[PlyCount "68"]
[EventDate "1998.11.21"]

1. c4 e5 2. Nc3 Nf6 3. Nf3 Nc6 4. d3 d5 5. cxd5 Nxd5 6. Bd2 Be7 7. e3 Be6 8.
Be2 Qd7 9. O-O O-O 10. Qc2 Ndb4 11. Qb1 Rad8 12. Rd1 f5 13. Bc1 Bf6 14. a3 Nd5
15. Ne4 fxe4 16. dxe4 Qf7 17. exd5 Bxd5 18. e4 Bc4 19. Rxd8 Rxd8 20. Qc2 Bxe2
21. Qxe2 Qb3 22. Be3 Nd4 23. Bxd4 exd4 24. e5 Be7 25. Rd1 d3 26. Qd2 c5 27. Rc1
b5 28. h4 h6 29. Ne1 c4 30. f4 b4 31. a4 Qa2 32. Nf3 c3 33. bxc3 Qxd2 34. Nxd2
bxc3 0-1

[Event "4NCL-9899B IK2-GUI"]
[Site "Rd3-Birmingham"]
[Date "1998.11.21"]
[Round "3.2"]
[White "Thompson, Ian"]
[Black "Cooper, Andrew G"]
[Result "1-0"]
[WhiteElo "2285"]
[BlackElo "2145"]
[PlyCount "109"]
[EventDate "1998.11.21"]

1. c4 e6 2. Nc3 Bb4 3. g3 c5 4. Bg2 Nc6 5. Nf3 Nf6 6. O-O O-O 7. Qc2 a6 8. b3
d6 9. Bb2 Rb8 10. Rad1 b5 11. cxb5 axb5 12. d4 Qc7 13. Nb1 Ne7 14. a3 Ba5 15.
dxc5 Qxc5 16. Qxc5 dxc5 17. Be5 Rb7 18. Ng5 Rd7 19. Bxf6 gxf6 20. Ne4 Rxd1 21.
Rxd1 c4 22. b4 Rd8 23. Rc1 Bc7 24. Nbc3 Be5 25. Nxb5 Ba6 26. Nec3 Nd5 27. Bxd5
exd5 28. e3 Bxb5 29. Nxb5 Ra8 30. Rc2 f5 31. f4 Bg7 32. Kf2 Kf8 33. Ke2 Ke7 34.
Rd2 Rd8 35. Nd4 Bxd4 36. exd4 Ra8 37. Ra2 Kd6 38. b5 Re8+ 39. Kd2 Re4 40. Kc3
Re3+ 41. Kb4 Rd3 42. a4 Rxd4 43. a5 Rd3 44. Rb2 Kc7 45. Kc5 Rb3 46. b6+ Kb7 47.
Re2 c3 48. Re7+ Kc8 49. Kxd5 Kd8 50. Rc7 Ra3 51. Kd6 Rxa5 52. Rxc3 Rb5 53. Kc6
Rb2 54. b7 h5 55. Rc5 1-0

[Event "4NCL-9899B IK2-GUI"]
[Site "Rd3-Birmingham"]
[Date "1998.11.21"]
[Round "3.3"]
[White "Taylor, Martin"]
[Black "Granat, Russell"]
[Result "1/2-1/2"]
[WhiteElo "2130"]
[BlackElo "2224"]
[PlyCount "124"]
[EventDate "1998.11.21"]

1. c4 e5 2. g3 Nf6 3. Bg2 Bc5 4. Nc3 c6 5. e3 Qe7 6. Nge2 d6 7. O-O O-O 8. d4
Bb6 9. Qc2 Be6 10. b3 Nbd7 11. h3 Rfc8 12. Ba3 exd4 13. Nxd4 Bc5 14. Bxc5 Nxc5
15. Rad1 d5 16. cxd5 cxd5 17. Qb2 Nce4 18. Nxe4 Nxe4 19. Nxe6 Qxe6 20. Rc1 h6
21. Qd4 b6 22. Rfd1 Qf5 23. Rxc8+ Rxc8 24. Bxe4 dxe4 25. Qd7 Qxd7 26. Rxd7 a5
27. Rd6 b5 28. Ra6 a4 29. bxa4 bxa4 30. Rxa4 f5 31. Ra5 g6 32. g4 fxg4 33. hxg4
Kf7 34. Kg2 Kf6 35. Kg3 Rc2 36. Ra6+ Kg5 37. Ra5+ Kf6 38. a3 Rb2 39. Ra4 Ra2
40. Ra6+ Kg5 41. Ra5+ Kf6 42. Ra4 Kf7 43. Ra8 Kf6 44. a4 Rc2 45. a5 Kg5 46. a6
Ra2 47. Re8 Rxa6 48. Rxe4 Kf6 49. Rb4 Rc6 50. Rb5 Re6 51. Kf4 Rc6 52. f3 Ra6
53. g5+ hxg5+ 54. Rxg5 Ra8 55. Rb5 Rf8 56. Kg4 Ra8 57. Rb6+ Kg7 58. e4 Ra1 59.
e5 Rg1+ 60. Kf4 Kf7 61. Rf6+ Ke7 62. Ra6 Kf7 1/2-1/2

[Event "4NCL-9899B IK2-GUI"]
[Site "Rd3-Birmingham"]
[Date "1998.11.21"]
[Round "3.4"]
[White "Anderton, Matthew"]
[Black "Gurr, Lyndon"]
[Result "1/2-1/2"]
[WhiteElo "2260"]
[BlackElo "2208"]
[PlyCount "48"]
[EventDate "1998.11.21"]

1. e4 e5 2. Nf3 Nc6 3. Bb5 a6 4. Ba4 Nf6 5. O-O Be7 6. Re1 b5 7. Bb3 O-O 8. a4
Bb7 9. d3 d6 10. Nc3 Na5 11. Ba2 Qd7 12. Ne2 c5 13. Ng3 g6 14. Bh6 Rfc8 15. Qd2
Qc7 16. Nf5 Nc6 17. Ng5 Nd8 18. Re3 d5 19. Nxe7+ Qxe7 20. exd5 Bxd5 21. Bxd5
Nxd5 22. Re2 Nc6 23. Nf3 Qd6 24. Rae1 Re8 1/2-1/2

[Event "4NCL-9899B IK2-GUI"]
[Site "Rd3-Birmingham"]
[Date "1998.11.21"]
[Round "3.5"]
[White "Garner, David"]
[Black "James, Russell"]
[Result "0-1"]
[WhiteElo "2090"]
[BlackElo "2155"]
[PlyCount "34"]
[EventDate "1998.11.21"]

1. e4 e5 2. Nf3 Nc6 3. Bb5 Nf6 4. O-O Bc5 5. Bxc6 dxc6 6. Qe1 Qe7 7. d3 Bg4 8.
Nbd2 O-O-O 9. a3 Nh5 10. h3 Bxf3 11. Nxf3 Ng3 12. d4 Rxd4 13. Nxd4 Bxd4 14. Qd1
Nxf1 15. Qg4+ f5 16. exf5 h5 17. Qg6 Qh4 0-1

[Event "4NCL-9899B IK2-GUI"]
[Site "Rd3-Birmingham"]
[Date "1998.11.21"]
[Round "3.6"]
[White "Norman, Ken"]
[Black "Noakes, Matthew"]
[Result "1-0"]
[WhiteElo "2112"]
[BlackElo "2016"]
[PlyCount "71"]
[EventDate "1998.11.21"]

1. Nf3 Nf6 2. c4 e6 3. g3 b6 4. Bg2 Bb7 5. O-O Be7 6. Nc3 O-O 7. d4 d5 8. Ne5
Nbd7 9. Qa4 Nxe5 10. dxe5 Ne8 11. cxd5 exd5 12. Rd1 c6 13. e4 Nc7 14. exd5 Nxd5
15. Nxd5 cxd5 16. Qb3 Qc7 17. Bxd5 Bxd5 18. Rxd5 Kh8 19. Bf4 Bc5 20. Rad1 Rad8
21. e6 Qe7 22. Rd7 Rxd7 23. exd7 Rd8 24. Qd3 Qf6 25. Qe2 Qc6 26. Qe5 h6 27. Qd5
Qf6 28. Rd2 Qe7 29. Bc7 Rxd7 30. Qxd7 Qe1+ 31. Kg2 Qe4+ 32. f3 Qe1 33. Qc8+ Kh7
34. Qf5+ Kg8 35. Rd8+ Bf8 36. Qd3 1-0

[Event "4NCL-9899B IK2-GUI"]
[Site "Rd3-Birmingham"]
[Date "1998.11.21"]
[Round "3.7"]
[White "Stille, Alex"]
[Black "Singleton, Michael"]
[Result "1-0"]
[WhiteElo "1872"]
[BlackElo "2088"]
[PlyCount "35"]
[EventDate "1998.11.21"]

1. e4 c5 2. c3 Nf6 3. e5 Nd5 4. d4 cxd4 5. Bc4 e6 6. cxd4 d6 7. Nf3 Nb6 8. Bb3
Bd7 9. O-O Bc6 10. Re1 N8d7 11. exd6 Bxd6 12. d5 Bb5 13. dxe6 Nf6 14. exf7+ Kf8
15. Ng5 Qb8 16. Ne6+ Kxf7 17. Nc7+ Bc4 18. Qxd6 1-0

[Event "4NCL-9899B IK2-GUI"]
[Site "Rd3-Birmingham"]
[Date "1998.11.21"]
[Round "3.8"]
[White "Ashby, Ann-Marie"]
[Black "Howell, Susan"]
[Result "1-0"]
[WhiteElo "2090"]
[BlackElo "1784"]
[PlyCount "91"]
[EventDate "1998.11.21"]

1. d4 e6 2. Nf3 c5 3. c3 d5 4. g3 Nc6 5. Bg2 Nf6 6. O-O Bd6 7. Na3 a6 8. c4 O-O
9. b3 Rb8 10. Bb2 b5 11. cxd5 exd5 12. dxc5 Bxc5 13. Rc1 Qd6 14. Nc2 Re8 15.
Ncd4 Nxd4 16. Nxd4 Bd7 17. Qd3 Ba3 18. Bxa3 Qxa3 19. Nc2 Qd6 20. Rfd1 Rbc8 21.
e4 Bg4 22. Rd2 Qe5 23. exd5 Rc3 24. Qf1 Qc7 25. d6 Qc5 26. b4 Qc8 27. f3 Bf5
28. Qd1 g6 29. Bf1 Qd7 30. Nd4 Rec8 31. Rxc3 Rxc3 32. Nxf5 gxf5 33. Qa1 Qa7+
34. Kg2 Qe3 35. Rf2 Kg7 36. Qd1 Qa7 37. Qd2 Re3 38. Bd3 f4 39. gxf4 Re6 40. Bf5
Re8 41. Kh3 Rd8 42. Rg2+ Kf8 43. Qc3 Rxd6 44. Qc8+ Ne8 45. Re2 Rh6+ 46. Kg2 1-0

[Event "4NCL-9899B NID-COU"]
[Site "Rd3-Birmingham"]
[Date "1998.11.21"]
[Round "3.2"]
[White "Harley, Andrew"]
[Black "Morris, Gareth"]
[Result "1/2-1/2"]
[WhiteElo "2305"]
[BlackElo "2170"]
[PlyCount "119"]
[EventDate "1998.11.21"]

1. e4 c5 2. c3 Nf6 3. e5 Nd5 4. d4 cxd4 5. Nf3 e6 6. cxd4 b6 7. Bd3 Bb4+ 8. Bd2
Bxd2+ 9. Qxd2 Ba6 10. Be4 Nc6 11. Bxd5 exd5 12. Nc3 Nb4 13. a3 Nd3+ 14. Kd1 Bc4
15. Kc2 Rc8 16. Rhd1 O-O 17. Qe3 d6 18. Rxd3 Bxd3+ 19. Qxd3 Re8 20. Re1 Qd7 21.
exd6 Rxe1 22. Nxe1 Qxd6 23. Nf3 Qe6 24. h3 f6 25. Kd2 g6 26. Qe2 Kf7 27. Qxe6+
Kxe6 28. Kd3 g5 29. g3 h5 30. Ne1 Rg8 31. Ng2 f5 32. h4 f4 33. gxf4 gxh4 34.
Nxh4 Rg4 35. f5+ Kd6 36. Nf3 Rf4 37. Ke3 Rxf5 38. Ne2 Rf8 39. Nf4 Re8+ 40. Ne5
h4 41. Kf3 Rg8 42. Nfg6 h3 43. Kg3 Rc8 44. Kxh3 Rc2 45. Nd3 Rc4 46. Nge5 Rxd4
47. f4 Rxf4 48. Nxf4 Kxe5 49. Ne2 d4 50. Kg3 Ke4 51. Kf2 Kd3 52. b3 a6 53. a4
Ke4 54. Ke1 Ke3 55. Nc1 d3 56. Kd1 d2 57. Na2 Kd3 58. Nb4+ Kc3 59. Nxa6 Kxb3
60. Kxd2 1/2-1/2

[Event "4NCL-9899B NID-COU"]
[Site "Rd3-Birmingham"]
[Date "1998.11.21"]
[Round "3.3"]
[White "Oates, David"]
[Black "Dunworth, Chris"]
[Result "0-1"]
[WhiteElo "2180"]
[BlackElo "2305"]
[PlyCount "70"]
[EventDate "1998.11.21"]

1. c4 e5 2. g3 h5 3. Bg2 h4 4. Nc3 Nc6 5. e3 Bb4 6. Nd5 Bc5 7. a3 a5 8. Rb1 Nf6
9. b4 axb4 10. axb4 Nxd5 11. bxc5 Ndb4 12. d4 exd4 13. exd4 Qe7+ 14. Be3 Ra2
15. Rc1 Ra3 16. Kf1 d6 17. cxd6 cxd6 18. Nh3 O-O 19. Ng5 Rxe3 20. Qh5 Bf5 21.
fxe3 Qxe3 22. Rd1 Nd3 23. Qf3 Qxg5 24. gxh4 Qf4 25. Qxf4 Nxf4 26. Bxc6 bxc6 27.
Kf2 Be4 28. Rhf1 Bd3 29. Rfe1 Bc2 30. Kf3 Bxd1+ 31. Rxd1 Ne6 32. d5 cxd5 33.
cxd5 Nc7 34. Rc1 Nxd5 35. Rd1 Nf6 0-1

[Event "4NCL-9899B NID-COU"]
[Site "Rd3-Birmingham"]
[Date "1998.11.21"]
[Round "3.4"]
[White "Swanson, Stephen"]
[Black "Johnston, Dafydd"]
[Result "1/2-1/2"]
[WhiteElo "2260"]
[BlackElo "2175"]
[PlyCount "114"]
[EventDate "1998.11.21"]

1. e4 c5 2. Nf3 e6 3. d3 d5 4. Qe2 Nf6 5. g3 Be7 6. Bg2 O-O 7. O-O Nc6 8. e5
Nd7 9. c4 Nb6 10. b3 a5 11. a4 Nb4 12. Nc3 dxc4 13. dxc4 Qd3 14. Qxd3 Nxd3 15.
Rd1 Nxc1 16. Raxc1 Bd7 17. Nd2 Rab8 18. Nde4 Bc6 19. Nb5 Rfd8 20. Ned6 Nc8 21.
Nxc8 Rbxc8 22. Rxd8+ Bxd8 23. Rd1 Bb6 24. Rd6 Kf8 25. f4 Ke7 26. Bxc6 Rxc6 27.
Kg2 Bd8 28. Rxc6 bxc6 29. Nc3 f6 30. exf6+ gxf6 31. Ne4 Bb6 32. Kf3 Ba7 33. h4
Bb6 34. h5 Ba7 35. Nf2 Bb8 36. Nd3 Bd6 37. g4 Kf7 38. Ke4 h6 39. Kf3 Ke7 40.
Nf2 Kf7 41. Nd3 Kg7 42. Ke4 Kf7 43. Ne1 Kg7 44. Nf3 Be7 45. g5 hxg5 46. fxg5
fxg5 47. Ne5 Bd6 48. Nxc6 Bc7 49. Kf3 e5 50. Kg4 e4 51. Ne7 Bf4 52. Nd5 e3 53.
Nc3 Kf6 54. Ne4+ Ke5 55. Nxc5 Kd4 56. Ne6+ Kd3 57. Nc5+ Kd4 1/2-1/2

[Event "4NCL-9899B NID-COU"]
[Site "Rd3-Birmingham"]
[Date "1998.11.21"]
[Round "3.5"]
[White "Bennett, Alan"]
[Black "Rosen, Daniel"]
[Result "0-1"]
[WhiteElo "2120"]
[BlackElo "2235"]
[PlyCount "92"]
[EventDate "1998.11.21"]

1. e4 g6 2. d4 Bg7 3. c4 d6 4. Nc3 Nc6 5. Be3 Nf6 6. Be2 a6 7. Nf3 Bg4 8. Qd2
Bxf3 9. Bxf3 e5 10. d5 Ne7 11. O-O O-O 12. b4 Nd7 13. c5 f5 14. Bg5 Bf6 15. Bh6
Rf7 16. c6 bxc6 17. dxc6 Nb6 18. Be3 Nc4 19. Qe2 Nxe3 20. fxe3 Kg7 21. Qc4 Bg5
22. Rae1 Qb8 23. Kh1 Qb6 24. exf5 gxf5 25. Nd5 {(Draw offer)} Nxd5 26. Bxd5 Rf6
27. Rf3 Raf8 28. Be6 f4 29. exf4 Rxf4 30. Rxf4 Rxf4 31. Qb3 Qf2 32. Rg1 Rh4 33.
Qf3 Qxf3 34. gxf3 {(Draw offer)} Kf6 35. Bg8 h6 36. Rg4 Rxg4 37. fxg4 e4 38.
Bc4 Bd2 39. Kg2 Bxb4 40. Bxa6 d5 41. Kf2 Kg5 42. Bc8 Kf4 43. h4 d4 44. g5 hxg5
45. hxg5 d3 46. Ba6 e3+ 0-1

[Event "4NCL-9899B NID-COU"]
[Site "Rd3-Birmingham"]
[Date "1998.11.21"]
[Round "3.6"]
[White "Ledger, David"]
[Black "Jones, Richard S"]
[Result "0-1"]
[WhiteElo "2220"]
[BlackElo "2095"]
[PlyCount "94"]
[EventDate "1998.11.21"]

1. e4 c5 2. Nc3 Nc6 3. g3 g6 4. d3 Bg7 5. Be3 d6 6. Qd2 Rb8 7. Bg2 b5 8. Nge2
Nd4 9. O-O e6 10. Nc1 Qa5 11. Nb3 Qc7 12. Nd1 b4 13. Nc1 Ba6 14. c3 bxc3 15.
bxc3 Nc6 16. f4 Nge7 17. f5 exf5 18. exf5 Nxf5 19. Rxf5 gxf5 20. Bh6 Bxh6 21.
Qxh6 Ne7 22. Ne3 Bb7 23. Bxb7 Rxb7 24. Nc4 Ng6 25. Nb3 Qe7 26. Kf1 Qf6 27. d4
Re7 28. dxc5 dxc5 29. Rd1 Re6 30. Rd3 Qe7 31. Re3 f4 32. Rxe6 Qxe6 33. Ncd2
fxg3 34. hxg3 Qf6+ 35. Ke2 Kd8 36. Ne4 Qe7 37. Qd2+ Kc8 38. Qd5 Rd8 39. Qc6+
Qc7 40. Qa6+ Kb8 41. Nbxc5 Qb6 42. Qa3 Ne5 43. Na6+ Ka8 44. Nec5 Rd2+ 45. Ke1
Nf3+ 46. Kf1 Qb1+ 47. Qc1 Qxc1# 0-1

[Event "4NCL-9899B NID-COU"]
[Site "Rd3-Birmingham"]
[Date "1998.11.21"]
[Round "3.7"]
[White "Fish, Andrew"]
[Black "Ledger, Stephen"]
[Result "1/2-1/2"]
[WhiteElo "2115"]
[BlackElo "2175"]
[PlyCount "56"]
[EventDate "1998.11.21"]

1. e4 c5 2. Nc3 Nc6 3. g3 g6 4. Bg2 Bg7 5. d3 d6 6. f4 e6 7. Nf3 Nge7 8. O-O
O-O 9. Be3 Nd4 10. e5 Nef5 11. Bf2 Bd7 12. Ne4 Bc6 13. c3 Nxf3+ 14. Bxf3 dxe5
15. Bxc5 exf4 16. Bxf8 Bxf8 17. gxf4 Ne3 18. Qe2 Nxf1 19. Rxf1 {(Draw offer)}
Bh6 20. Bg2 Qb6+ 21. Qf2 Qxf2+ 22. Rxf2 Kg7 23. d4 Rd8 24. Nc5 Bxg2 25. Kxg2 b6
26. Nd3 f6 27. Kf3 Kf7 28. Ke4 Rc8 1/2-1/2